000 00942nam a2200253Ia 4500
003 OSt
005 20220923211031.0
006 a|||||r|||| 00| 0
007 ta
008 220922b |||||||| |||| 00| 0 hin d
020 _a8171243584 (hbk)
_c625
024 _a245,214
037 _b430, 29/01/2011, Eastern Book Linkers
_cTextual
040 _aARTS
_cARTS
_bhin
041 _2hin
_ahin
082 _aO152,6v, J5;P7 (TTPH)
100 _aतिवारी, रामचन्द्र
_9157371
245 0 _aहिन्दी का गद्य साहित्य
246 _aHindī kā gadya sāhitya
260 _aवाराणसी
_b विश्वविद्यालय प्रकाशन
_c2007
300 _a951पृ.
_ccm.
942 _hO152,6v, J5;P7 (TTPH)
_cTEXL
_2CC
999 _c294223
_d294223